Goosebumps presents : (Record no. 110867)
[ view plain ]
| 000 -LEADER | |
|---|---|
| fixed length control field | 00518nam a2200181 a 4500 |
| 001 - CONTROL NUMBER | |
| control field | 0070 |
| 005 - DATE AND TIME OF LATEST TRANSACTION | |
| control field | 20140414131904.0 |
| 008 - FIXED-LENGTH DATA ELEMENTS--GENERAL INFORMATION | |
| fixed length control field | 040728s19uu xx 00 eng d |
| 020 ## - INTERNATIONAL STANDARD BOOK NUMBER | |
| International Standard Book Number | 0-590-74589-1 |
| 050 ## - LIBRARY OF CONGRESS CALL NUMBER | |
| Classification number | FIC |
| Item number | St5 1996 |
| 100 ## - MAIN ENTRY--PERSONAL NAME | |
| Personal name | Hughes, Francine |
| 245 ## - TITLE STATEMENT | |
| Title | Goosebumps presents : |
| Remainder of title | return of the mummy / |
| Statement of responsibility, etc | adapted by Francine Hughes. |
| 260 ## - PUBLICATION, DISTRIBUTION, ETC. (IMPRINT) | |
| Place of publication, distribution, etc | New York : |
| Name of publisher, distributor, etc | Scholastic, |
| Date of publication, distribution, etc | 1996. |
| 300 ## - PHYSICAL DESCRIPTION | |
| Extent | 63 p. : ill. ; cm. |
| 520 ## - SUMMARY, ETC. | |
| Summary, etc | Based on the novel by R. L. Stine |
| 650 ## - SUBJECT ADDED ENTRY--TOPICAL TERM | |
| Topical term or geographic name as entry element | Fiction. |
| Withdrawn status | Lost status | Damaged status | Use restrictions | Home library | Current library | Shelving location | Date acquired | Source of acquisition | Total Checkouts | Full call number | Barcode | Date last seen | Price effective from | Koha item type | Source of classification or shelving scheme |
|---|---|---|---|---|---|---|---|---|---|---|---|---|---|---|---|
| Elizalde Library | Elizalde Library | Fiction Section | 03/12/2025 | Library Fund | FIC St589 2016 | E12486 | 03/12/2025 | 03/12/2025 | Books | Dewey Decimal Classification | |||||
| Munich Library | Munich Library | Fiction Section | 07/28/2004 | FIC St5 1996 | M1377 | 04/14/2014 | 04/14/2014 | Books |